| 000 | 00455nam a2200157 a 4500 | ||
|---|---|---|---|
| 001 | 000036389 | ||
| 005 | 20200930075714.0 | ||
| 008 | 120116s1984 xxuad 000 0 spa d | ||
| 020 | _a0890049238 | ||
| 040 |
_aDO-SdBNP _bspa _cBNPHU |
||
| 082 |
_axxx _bF981 |
||
| 245 | 0 | 0 |
_aFundamental immunology / _ceditor William E. Paul. |
| 260 |
_aNew York : _bRaven Press, _c1984. |
||
| 300 |
_a809 p. : _bil., retr. ; _c1984. |
||
| 700 | 1 |
_aPaul, William E., _eed. _962586 |
|
| 999 |
_c35880 _d35880 |
||